Online
Catalog

Las negociaciones de paz : (Record no. 13476)

MARC details
000 -CABECERA
campo de control de longitud fija 00687cam a2200193 a 4500
001 - NÚMERO DE CONTROL
campo de control 000013870
005 - FECHA Y HORA DE LA ÚLTIMA TRANSACCIÓN
campo de control 20200929163358.0
008 - DATOS DE LONGITUD FIJA--INFORMACIÓN GENERAL
campo de control de longitud fija 841016s1984 ho abc 001 0 spa
040 ## - FUENTE DE LA CATALOGACIÓN
Centro catalogador/agencia de origen DO-SdBNP
Centro/agencia transcriptor DLC
Centro/agencia modificador DLC
082 ## - NÚMERO DE LA CLASIFICACIÓN DECIMAL DEWEY
Número de clasificación 327.172
Número de documento/Ítem L864n
049 ## - FONDOS LOCALES (OCLC)
Fondos de biblioteca BNGR
100 1# - ENTRADA PRINCIPAL--NOMBRE DE PERSONA
Nombre de persona López Contreras, Carlos.
9 (RLIN) 31412
245 14 - MENCIÓN DE TÍTULO
Título Las negociaciones de paz :
Resto del título mi punto de vista /
Mención de responsabilidad, etc. Carlos López Contreras.
260 ## - PUBLICACIÓN, DISTRIBUCIÓN, ETC.
Lugar de publicación, distribución, etc. Hondura :
Nombre del editor, distribuidor, etc. s.n.],
Fecha de publicación, distribución, etc. 1984
Lugar de fabricación/manufactura (Tegucigalpa, Distrito Central, Honduras, C.A. :
Fabricante Impr. Lithopress)
300 ## - DESCRIPCIÓN FÍSICA
Extensión xi, 224 p. :
Otras características físicas il., mapas ;
Dimensiones 22 cm.
650 #4 - PUNTO DE ACCESO ADICIONAL DE MATERIA--TÉRMINO DE MATERIA
Término de materia o nombre geográfico como elemento de entrada Mediación internacional
9 (RLIN) 31413
650 #4 - PUNTO DE ACCESO ADICIONAL DE MATERIA--TÉRMINO DE MATERIA
Término de materia o nombre geográfico como elemento de entrada Conflictos internacionales
9 (RLIN) 1885
910 ## - DATOS DE OPCIÓN DEL USUARIO (OCLC)
Datos de opción del usuario Catalogación por copia / LC
Holdings
Estado de retiro Estado de pérdida Restricciones de uso No para préstamo Código de colección Localización permanente Ubicación/localización actual Ubicación en estantería Fecha de adquisición Número de inventario Total de préstamos Signatura topográfica completa Código de barras Fecha visto por última vez Precio válido a partir de Tipo de ítem Koha
    Préstamo interno   Monografías: Libros y Folletos General General En catalogación 30.11.2009 LF1   327.172 L864n 13870-10 25.06.2020 25.06.2020 Préstamo interno

Powered by Koha